000 00422nam a2200181Ia 4500
001 1797
005 20260306143755.0
008 260306t2016||||xx |||||||||||||| ||spa||
041 _aESP
082 _a155.4
_bS66
100 _aSoler Gómez, Verónica
_eAUT
245 0 _aDesarrollo socioafectivo
260 _c2016
300 _a243 páginas :
_c26 cm.
650 _aGEN
654 _aCPS
942 _cLIB
_dJUS
_fJUS
_2ddc
_n
999 _c1797
_d1797